000 00659na a2200229 4500
001 19592
003 MIRAKIL
005 20181213155120.0
008 161220b tu 000 0
035 _a19592
040 _aMilas
_btur
_cTR-AnCHP
041 _atur
082 _a323.352
_bT96 [t.y.]
090 _a323.352 T96 [t.y.]
245 _aTürkiye'de ve dünyada çocuk hakları
_cyayına hazırlayan Nazan Moroğlu
260 _aİstanbul
_bALKEV
_c[t.y.]
300 _a169 s.
_bfotg.
_c24 sm.
650 _aİnsan hakları
_zÇocuk hakları
650 _aİnsan hakları
_xÇocuk hakları
_zTürkiye
700 _aMoroğlu, Nazan
942 _2dcc
_cBKS
999 _c6803
_d6803